Some characteristics of the lutoids in Hevea brasiliensis latex (Record no. 68946)

MARC details
000 -LEADER
fixed length control field 00496nam a2200169Ia 4500
100 ## - MAIN ENTRY--AUTHOR NAME
Personal name Jacob J L
245 #0 - TITLE STATEMENT
Title Some characteristics of the lutoids in Hevea brasiliensis latex
260 ## - PUBLICATION, DISTRIBUTION, ETC. (IMPRINT)
Name of publisher Proceedings of the International Rubber Conference, Kuala Lumpur. V.2, 1975; p470-483
650 ## - SUBJECT ADDED ENTRY--TOPICAL TERM
Topical Term Hevea brasiliensis
650 ## - SUBJECT ADDED ENTRY--TOPICAL TERM
Topical Term Hevea latex
650 ## - SUBJECT ADDED ENTRY--TOPICAL TERM
Topical Term Lutoids
700 ## - ADDED ENTRY--PERSONAL NAME
Personal name Dupont J
700 ## - ADDED ENTRY--PERSONAL NAME
Personal name Lance C
700 ## - ADDED ENTRY--PERSONAL NAME
Personal name Moreau F
942 ## - ADDED ENTRY ELEMENTS (KOHA)
Koha item type Journals
Holdings
Withdrawn status Lost status Damaged status Not for loan Home library Current library Shelving location Date acquired Koha item type
      Journals RRII Library RRII Library Physiology 17/12/2021 Journals